LEADER 01137nam0-22003731--450- 001 990007828900403321 005 20131016125220.0 020 $b621442 035 $a000782890 035 $aFED01000782890 035 $a(Aleph)000782890FED01 035 $a000782890 100 $a20031007d1962----km-y0itay50------ba 101 0 $aita 102 $aIT 105 $ay-------001yy 200 1 $aPatologia degli accertamenti IGE$egli accertamenti delle violazioni in materia d'imposta entrata, da parte della polizia tributaria, in contrasto con le norme di legge in vigore$fGiovanni Nocito 210 $aNapoli$cG. Rocco$d1962 215 $a106, [14] p.$d21 cm 300 $aPresentazione di L. Gangemi 676 $a336$v21$zita 700 1$aNociti,$bGiovanni$0109269 801 0$aIT$bUNINA$gRICA$2UNIMARC 901 $aBK 912 $a990007828900403321 952 $aDT I-249$bFin.3243$fDEC 952 $aH 55$b141$fDSS 952 $aXIV H 220$b67232$fFGBC 952 $aXIV H 242$b69920$fFGBC 959 $aDEC 959 $aDSS 959 $aFGBC 996 $aPatologia degli accertamenti IGE$9663587 997 $aUNINA